Análisis de opciones y diseno preliminar del sistema de evacuación y tratamiento de las aguas residuales en Puerto Viejo de Talamanca
Guardado en:
| Hovedforfatter: | |
|---|---|
| Format: | Bog |
| Udgivet: |
San José, Costa Rica
1993
|
| Fag: | |
| Tags: |
Tilføj Tag
Ingen Tags, Vær først til at tagge denne postø!
|
MARC
| LEADER | 00000nam a2200000Ia 4500 | ||
|---|---|---|---|
| 003 | 005560 | ||
| 005 | 20221231144320.0 | ||
| 008 | 140114s1993 cr a m 000 ||s d | ||
| 040 | |c cru CEDI | ||
| 090 | |a TFG 2672 | ||
| 100 | |a Yen León, Ronney |9 12262 | ||
| 245 | |a Análisis de opciones y diseno preliminar del sistema de evacuación y tratamiento de las aguas residuales en Puerto Viejo de Talamanca | ||
| 260 | |c 1993 |a San José, Costa Rica | ||
| 300 | |a [83] hojas : ilustraciones ; 27 cm. | ||
| 500 | |a Proyecto de graduación (licenciatura en ingeniería civil)--Universidad de Costa Rica. Facultad de Ingeniería. Escuela de Ingeniería Civil, | ||
| 650 | |x PURIFICACION DE AGUAS RESIDUALES |x ALCANTARILLADO - PUERTO VIEJO (COSTA RICA) |9 10736 | ||
| 942 | |c TFG |2 ddc | ||
| 999 | |c 20019 |d 20019 | ||
